000 00790nam a2200241 a 4500
001 BRCA_6800
005 20190320205610.0
008 031111s1877----gw-#######---#000-0#eng-#
041 _aeng
044 _agw
050 4 _aPZ3
_b.B75 17 1877
100 1 _aHarte, Bret
_d1839-1902
_916955
245 1 0 _aThe story of a mine
_cby Bret Harte.
260 _aLeipzig, Alemania
_bBernhard Tauchnitz
_c1877
300 _a271 p.
_c16 cm.
440 0 _aCollection of British authors. Tauchnitz edition
_vv. 1698
_916956
500 _aVer tambiƩn CEF6, H144, L2, L15, L16, L17, L18, L19, L20, L22, L23, L24, L25, L26, L27, L32, L166, N9, N12, N13 y N17.
500 _aN11
650 1 4 _aLiteratura estadounidense
_916957
650 1 4 _aLiteratura inglesa
_916958
902 _aGFM
942 _2lcc
_cB
999 _c6483
_d6483